| 000 | 00678nam a22002057a 4500 | ||
|---|---|---|---|
| 005 | 20251108172638.0 | ||
| 008 | 250721s1997 xx 000 0 ara d | ||
| 082 | 1 | 4 | _aم/213.21/ عام |
| 100 | 1 | _aالعامري، أحمد بن عبدالكريم | |
| 245 | 1 | 0 | _aالجد الحثيث في بيان ماليس بحديث / |
| 264 | 1 |
_aبيروت : _bدار ابن حزم، _c1997. |
|
| 300 | _a319 ص | ||
| 650 | 1 | 7 | _aعلوم الحديث |
| 650 | 1 | 7 | _aالحديث |
| 650 | 1 | 7 | _aدفع المطاعن عن الحديث |
| 650 | 1 | 7 | _aالحديث الموضوع |
| 700 | 1 |
_aزمرلي، ابو عبدالرحمن _eمحقق |
|
| 942 |
_2ddc _cREF |
||
| 999 |
_c84886 _d84886 |
||